Тест на общие знания №1 - Statistics

General Stats
  • This quiz has been taken 107 times
  • The average score is 11 of 20
Answer Stats
Вопрос Ответ % Correct
На какой праздник принято стукаться яйцами? Пасха
95%
Назовите одну из двух династий, правивших Россией Рюриковичи / Романовы
90%
Сколько будет 2⁶? 64
83%
Как называется треугольник с двумя равными углами? равнобедренный треугольник
79%
Что такое дахунпао, каркаде и тегуаньинь? виды чая
74%
В каком виде спорта отличились Юлия Липницкая, Алина Загитова и Евгений Плющенко? фигурное катание
73%
В каком месте побывали всего 12 человек, из которых все - американцы? Луна
71%
Какой человеческий орган содержит в себе молоточек, наковальню и стремечко? среднее ухо
66%
Для запоминания чего используют предложение "Иван родил девчонку, велел тащить пелёнку?" падежи
65%
Назовите второй по распространённости государственный язык Канады французский
62%
Кто жил по адресу Бейкер-стрит, 221Б? Шерлок Холмс
54%
Что такое аллопеция? облысение
52%
Что означает буква "К" в аббревиатуре КГБ? Комитет
48%
За какое произведение Эрнест Хемингуэй получил Нобелевскую премию по литературе? "Старик и море"
35%
Участников какой музыкальной группы зовут Агнета Фельтског, Бьорн Ульвеус, Бенни Андерссон и Анни-Фрид Лингстад? ABBA
35%
Каким общим словосочетанием называют следующие химические элементы: гелий, неон, аргон, криптон, ксенон, радон? инертные газы / благородные газы
34%
Какая собачья порода названа в честь китайского города? пекинес
28%
Ведущим какой телепередачи с 1990-го по 1995-й год был Владислав Листьев? "Поле чудес"
24%
Сейчас Солнце - жёлтый карлик. Кем оно станет примерно через 5 млрд. лет? красный гигант
20%
Какой библейский пророк был проглочен китом? Иона
18%
No matching quizzes found
Score Distribution
Percent of People with Each Score
Percentile by Number Answered
Your Score History
You have not taken this quiz